The Mayor of Casterbridge/ (Record no. 167196)

MARC details
000 -LEADER
fixed length control field 00561nam a22001937a 4500
005 - DATE AND TIME OF LATEST TRANSACTION
control field 20190823153026.0
010 ## - LCCN (DPL NO)
LC control number ENG-126289
020 ## - INTERNATIONAL STANDARD BOOK NUMBER
Terms of availability 150.00
International Standard Book Number 978-93-80816-06-7
035 ## - SYSTEM CONTROL NUMBER
System control number EN-109821
037 ## - SOURCE OF ACQUISITION
Source of stock number/acquisition DBAD/PUB
082 ## - DEWEY DECIMAL CLASSIFICATION NUMBER
Classification number N
100 ## - MAIN ENTRY--PERSONAL NAME
Personal name Hardy,Thomas
245 ## - TITLE STATEMENT
Title The Mayor of Casterbridge/
Statement of responsibility, etc by Thomas Hardy
260 ## - PUBLICATION, DISTRIBUTION, ETC. (IMPRINT)
Place of publication, distribution, etc U.P.
Name of publisher, distributor, etc Maple Press Private Limited
Date of publication, distribution, etc 2018
270 ## - ADDRESS
City Noida
Address A-63, Sector 58,
Postal code 201301
Telephone number +911204553581,4553583
Electronic mail address info@maplepress.co.in
300 ## - PHYSICAL DESCRIPTION
Extent 368p.
Dimensions 22cm(pbk)
650 ## - SUBJECT ADDED ENTRY--TOPICAL TERM
Topical term or geographic name as entry element ENGLISH NOVEL
942 ## - ADDED ENTRY ELEMENTS (KOHA)
Source of classification or shelving scheme Dewey Decimal Classification
Item type English Books
Classification part N
Call number suffix HAR
Holdings
Withdrawn status Lost status Not for loan Collection code Home library Current library Date acquired Source of acquisition Cost, normal purchase price Full call number Barcode Copy number Cost, replacement price Koha item type
      Fiction Ashok Vihar Ashok Vihar 23/08/2019 DBAD/PUB 150.00 N HAR EN-109821 1 150.00 English Books

© Delhi Public Library
Hit Counter
free hit counter